[Event "May Tournament"]
[Site "SchemingMind.com"]
[Date "2009.05.29"]
[Round "-"]
[White "Eden"]
[Black "jamesm_beatty"]
[Result "0-1"]
[WhiteCountry "CZE"]
[BlackCountry "USA"]
[WhiteElo "1400"]
[WhiteRD "65"]
[BlackElo "1462"]
[BlackRD "74"]
[GameID "206525"]

1. c4 Nf6 2. e3 c5 3. Nc3 d5 4. Qf3 e5 5. d3 dxc4 6. dxc4 Nc6 7. h3 Nb4 8. Qe2 Bf5 9. e4 Qd3 10. Qxd3 Nxd3+
11. Bxd3 O-O-O 12. Bc2 Be6 13. b3 g6 14. Bg5 Bg7 15. Nb5 Kb8 16. Nf3 a6 17. Nc3 Rd6 18. Rd1 Rxd1+ 19. Bxd1 Rd8 20. Nxe5 Rd4
21. Bxf6 Bxf6 22. Ng4 Rd3 23. Nxf6 Rxc3 24. Nxh7 f5 25. exf5 Bxf5
0-1